| 000 | 00457 a2200181 4500 | ||
|---|---|---|---|
| 003 | Nust | ||
| 005 | 20230329091737.0 | ||
| 020 | _a9693514173 | ||
| 040 | _cNust | ||
| 082 | _a891.439,CHA | ||
| 100 |
_aPremchand , Munshi _9111531 |
||
| 245 |
_aMajmua Munshi Premchand / _cMunshi Premchand |
||
| 260 |
_aLahore _bSange-e- Meel _c2003 |
||
| 300 | _a757p, | ||
| 538 | _aAlmirah No.67, Shelf No.1 | ||
| 650 |
_aNOVEL _92525 |
||
| 942 |
_2ddc _cBK _k891.439,CHA |
||
| 999 |
_c188121 _d188121 |
||